000 00280nam a22001337a 4500
008 170606b xxu||||| |||| 00| 0 eng d
020 _a0370000129
041 _aeng
080 _a94(6)
100 _a18
101 _aSHH
245 _aOUT OF AFRICA
_cBLIXEN,K
942 _2udc
_cBK
999 _c16138
_d16138